History of England

محفوظ في:
التفاصيل البيبلوغرافية
المؤلف الرئيسي: Harold J Schultz
التنسيق: كتاب
اللغة:Undetermined
منشور في: New York Harper and Row 1971
الموضوعات:
الوسوم: إضافة وسم
لا توجد وسوم, كن أول من يضع وسما على هذه التسجيلة!
Thư viện lưu trữ: Trung tâm Học liệu Trường Đại học Cần Thơ
LEADER 00467nam a2200181Ia 4500
001 CTU_10756
008 210402s9999 xx 000 0 und d
082 |a 942 
082 |b S367 
100 |a Harold J Schultz 
245 0 |a History of England 
245 0 |c Harold J Schultz 
260 |a New York 
260 |b Harper and Row 
260 |c 1971 
650 |a england - history 
904 |i Minh, 961011 
980 |a Trung tâm Học liệu Trường Đại học Cần Thơ